Welcome to CU Library Online Public Access Catalogue (OPAC)

How Long, O Lord? (Record no. 1131)

MARC details
000 -LEADER
fixed length control field 00460nam a22001577a 4500
005 - DATE AND TIME OF LATEST TRANSACTION
control field 20241113153122.0
008 - FIXED-LENGTH DATA ELEMENTS--GENERAL INFORMATION
fixed length control field 241113b |||||||| |||| 00| 0 eng d
020 ## - INTERNATIONAL STANDARD BOOK NUMBER
International Standard Book Number 9781844741328
100 ## - MAIN ENTRY--PERSONAL NAME
Personal name Carson D.A.
245 ## - TITLE STATEMENT
Title How Long, O Lord?
Remainder of title Reflections on Suffering and Evil
250 ## - EDITION STATEMENT
Edition statement Second Edition
260 ## - PUBLICATION, DISTRIBUTION, ETC.
Place of publication, distribution, etc. Nittingham, England
Name of publisher, distributor, etc. Inter-Varsity Press
Date of publication, distribution, etc. 2006
300 ## - PHYSICAL DESCRIPTION
Extent 240 pages
Dimensions Includes subject index
650 ## - SUBJECT ADDED ENTRY--TOPICAL TERM
Source of heading or term Theology
942 ## - ADDED ENTRY ELEMENTS (KOHA)
Source of classification or shelving scheme Library of Congress Classification
Koha item type Books
Suppress in OPAC No
999 ## -
-- 1131
-- 1131
Holdings
Withdrawn status Lost status Source of classification or shelving scheme Damaged status Not for loan Collection Home library Current library Shelving location Date acquired Total checkouts Full call number Barcode Date last seen Copy number Price effective from Koha item type
    Library of Congress Classification     Non-fiction Law Library (Miotso) Law Library (Miotso) General stacks 11/13/2024   BT732.7.C37 CAR LLM00000860 11/13/2024 1 11/13/2024 Books
    Library of Congress Classification     Non-fiction Undergraduate Library (Christ Temple) Undergraduate Library (Christ Temple) General stacks 06/09/2025   BT 732.7.C37 ulct00003098 06/09/2025 1 06/09/2025 Books
© 2023-2024 Copyright: Central University Libraries. All Rights Reserved | Created by: Mahone Tech Office